| 000 | 00945nam a22003131a 4500 | ||
|---|---|---|---|
| 003 | AR-BaBN | ||
| 005 | 20250704112151.0 | ||
| 007 | ta | ||
| 008 | 050406s1995 ag |||||||||||||| ||spa | ||
| 015 | _aAR-1995 | ||
| 020 | _a9505184778 | ||
| 040 |
_aAR-BaBN _bspa _cAR-BaBN _eaacr |
||
| 044 |
_aag _car-c |
||
| 080 | _a616.8915 | ||
| 245 | 0 | 0 |
_aDetrás de la máscara familiar : _bla familia rígida. Un modelo de psicoterapia relacional. |
| 250 | _a1a ed. | ||
| 260 |
_aBuenos Aires : _bAmorrortu, _c1995. |
||
| 300 | _a170 p. | ||
| 650 |
_aPsicologia _xPsicoterapia familiar |
||
| 700 | 1 | _aAndolfi, M. | |
| 700 | 1 | _aAngelo, C. | |
| 700 | 1 | _aMenghi, P. | |
| 700 | 1 | _aNicolo-Corigliano, A. M. | |
| 930 | 1 |
_lBNA01 _mLIBRO _600029150 _820110912 _f11 _n000 _o000028681 |
|
| 930 | 1 |
_lBNA01 _mLIBRO _600095146 _820110912 _f11 _n000 _o000028681 |
|
| 942 |
_2cdu _cBK |
||
| 956 |
_aGSL _b00 _c20110915 _lBNA01 _h0947 |
||
| 956 |
_aGSL _c20130614 _lBNA01 _h1122 |
||
| 999 |
_c6150 _d6150 |
||